000 00433nam a2200181Ia 4500
001 21271
005 20260306172907.0
008 260306t2022||||xx |||||||||||||| ||spa||
041 _aESP
082 _a344.522
_bC34
100 _aCastillo Aparicio, Johnny E.
_eAUT
245 0 _aEl delito de acoso sexual
260 _c2022
300 _a540 páginas :
_c25 cm.
650 _aGEN
654 _aCDE
942 _cLIB
_dJUS
_fJUS
_2ddc
_n
999 _c21271
_d21271